000 00300nam a22001337a 4500
008 170223b xxu||||| |||| 00| 0 eng d
020 _a00396109
041 _aeng
080 _a616.31
100 _a5
101 _aSHK
245 _aTHE SURIGCAL CLINICS OF NORTH AMERICA
_cROSSI, R
942 _2udc
_cBK
999 _c6158
_d6158